000 00794nam a22002417i 4500
999 _c23462
_d23462
003 AR-CdUCM
008 260120b20182018 pe||||| |||| 00| 0 spa d
020 _a978-84-17389-15-4
040 _aMUNICIPALIDAD PROVINCIAL DEL CUSCO
_cBIBLIOTECA MUNICIPAL DEL CUSCO
041 _hspa
082 _aES / 741.2 /
_bC517
100 _aChan, Sophie
_952041
245 _aAprende a dibujar Manga - Taller de Manga :
_bCómo dibujar y colorear rostros y figuras por /
260 _bDolmen Editorial :
_c2018
300 _a124 páginas. :
_c23x18 cm.
505 _aCabeza de niño frontal -- Proporciones corporales
650 _aCabezas
_952042
650 _aCuerpos
_952043
650 _aColorear
_927751
856 _fwww.dolmeneditorial.com
942 _2ddc
_cLIBROS
945 _apbjr
_d20-01-2026